Politika územního rozvoje České republiky, ve znění Aktualizace č. 1

Na minha lista:
Detalhes bibliográficos
Formato: Livro
Idioma:tcheco
Publicado em: Praha : Ministerstvo pro místní rozvoj ČR 2015
Brno : Ústav územního rozvoje, 2015
Edição:1. vydanie
Assuntos:
Tags: Adicionar Tag
Sem tags, seja o primeiro a adicionar uma tag!

MARC

LEADER 00000nam a22000003a 4500
001 0065196
003 SK-STU
005 20190328154452.3
007 ta
008 180522s ----xo-----e------000-0-----d
020 |a 978-80-7538-006-7 
020 |a 978-80-87318-36-2 
040 |a STU  |b slo 
041 0 |a cze 
044 |a xr 
245 1 0 |a Politika územního rozvoje České republiky, ve znění Aktualizace č. 1 
250 |a 1. vydanie 
260 |a Praha :  |b Ministerstvo pro místní rozvoj ČR  |c 2015 
260 |a Brno :  |b Ústav územního rozvoje,  |c 2015 
300 |a 88 s. 
500 |a Mimoriadna príloha časopisu Urbanismus a územní rozvoj č. 3/2015 
650 0 7 |a politika 
650 0 7 |a urbanizmus a územné plánovanie 
650 0 7 |a územný rozvoj 
996 |b 284AU07496  |c A* 10745/U  |l AAKNST  |s P  |a 0  |w 0065196_0001